000 01254cam a2200289 a 4500
001 16520405
003 ARRUPE
005 20140403020008.0
008 101027s2011 mau b 001 0 eng
010 _a 2010044834
020 _a9780674050549 (alk. paper)
040 _aDLC
_cDLC
_dDLC
042 _apcc
050 0 0 _aHM671
_b.N868 2011
100 1 _aNussbaum, Martha Craven,
_d1947-
_99271
245 1 0 _aCreating capabilities :
_bthe human development approach /
_cMartha C. Nussbaum.
260 _aCambridge, Mass. :
_bBelknap Press of Harvard University Press,
_c2011.
300 _axii, 237 p. ;
_c22 cm.
504 _aIncludes bibliographical references (p. 211-230) and index.
505 0 _aA woman seeking justice -- The central capabilities -- A necessary counter-theory -- Fundamental entitlements -- Cultural diversity -- The nation and global justice -- Philosophical influences -- Capabilities and contemporary issues.
650 0 _aSocial justice.
_99272
650 0 _aEconomic development.
_99273
650 0 _aWomen's rights.
_99274
906 _a7
_bcbc
_corignew
_d1
_eecip
_f20
_gy-gencatlg
942 _2lcc
_cMONOGRAPH
_01
999 _c120255
_d120255